[Event "Maastricht Limburg op 17th"]
[Site "Maastricht"]
[Date "2025.06.06"]
[Round "3"]
[White "Lishoy Gengis Paratazham, Dildarav"]
[Black "Offringa, Joost"]
[Result "1/2-1/2"]
[WhiteElo "2084"]
[BlackElo "2266"]
[PlyCount "39"]
[EventDate "2025.06.06"]
[EventType "tourn"]
[EventRounds "7"]
[EventCountry "NED"]
[SourceTitle "CB24_2025"]
[SourceDate "2025.06.11"]
[SourceVersion "1"]
[SourceVersionDate "2025.06.11"]
[SourceQuality "1"]

1. e4 c5 2. d3 Nc6 3. g3 g6 4. Bg2 Bg7 5. f4 d6 6. Nf3 e5 7. c3 Nge7 8. 0-0 0-0 9. Be3 b6 10. Na3 h6 11. Qd2 exf4 12. gxf4 d5 13. Rad1 Ba6 14. Rfe1 Kh7 15. Bf2 Qd7 16. exd5 Nxd5 17. d4 Qg4 18. h3 Qxf4 19. dxc5 Rad8 20. cxb6 1/2-1/2

[Event "Bruges Masters"]
[Site "Bruges"]
[Date "2019.08.13"]
[Round "5"]
[White "Danneel, Geert"]
[Black "Offringa, Joost"]
[Result "0-1"]
[WhiteElo "1909"]
[BlackElo "2291"]
[PlyCount "54"]
[EventDate "2019.08.11"]
[EventType "swiss"]
[EventRounds "9"]
[EventCountry "BEL"]
[SourceTitle "CBM 191 Extra"]
[Source "ChessBase"]
[SourceDate "2019.09.30"]
[SourceVersion "1"]
[SourceVersionDate "2019.09.30"]
[SourceQuality "1"]

1. e4 d6 2. d4 Nf6 3. Nc3 g6 4. f4 Bg7 5. Nf3 0-0 6. Bd3 Nc6 7. e5 Ng4 8. Qe2 Nb4 9. Bc4 c5 10. dxc5 dxe5 11. fxe5 Bf5 12. 0-0 Nxe5 13. Bb3 Nxf3+ 14. Qxf3 Nxc2 15. Bxc2 Bxc2 16. Qxb7 Qd4+ 17. Kh1 Qxc5 18. Nd5 e6 19. Nf6+ Bxf6 20. Rxf6 Qe5 21. Rf1 Be4 22. Qe7 Qd5 23. Rg1 Rfc8 24. Bh6 Rc2 25. Qg5 Rxb2 26. Qg3 Rc8 27. Rad1 Rxg2 0-1

[Event "Bruges Masters"]
[Site "Bruges"]
[Date "2019.08.11"]
[Round "1"]
[White "Van Herck, Marcel"]
[Black "Offringa, Joost"]
[Result "0-1"]
[WhiteElo "2102"]
[BlackElo "2291"]
[PlyCount "54"]
[EventDate "2019.08.11"]
[EventType "swiss"]
[EventRounds "9"]
[EventCountry "BEL"]
[SourceTitle "CBM 191 Extra"]
[Source "ChessBase"]
[SourceDate "2019.09.30"]
[SourceVersion "1"]
[SourceVersionDate "2019.09.30"]
[SourceQuality "1"]

1. d4 Nf6 2. c4 e6 3. Nc3 Bb4 4. f3 c5 5. d5 0-0 6. e4 d6 7. Bd3 b5 8. Bd2 a6 9. Nge2 Nbd7 10. f4 bxc4 11. Bxc4 Nb6 12. b3 Bxc3 13. Nxc3 Nxe4 14. Nxe4 exd5 15. Bxd5 Nxd5 16. 0-0 Bb7 17. f5 Nf6 18. Ng3 h6 19. Rc1 Re8 20. Bf4 d5 21. Qd2 Ne4 22. Nxe4 Rxe4 23. Rxc5 Qb6 24. Qf2 Rae8 25. Rc2 d4 26. Bg3 Qf6 27. Rd1 d3 0-1

[Event "BEL-chT 1617"]
[Site "Belgium"]
[Date "2017.04.30"]
[Round "11.5"]
[White "Offringa, Joost"]
[Black "Jakubiec, Artur"]
[Result "0-1"]
[WhiteElo "2302"]
[BlackElo "2503"]
[PlyCount "56"]
[EventDate "2016.10.02"]
[EventType "team-tourn"]
[EventRounds "11"]
[EventCountry "BEL"]
[SourceTitle "EXT 2018"]
[Source "ChessBase"]
[SourceDate "2017.10.13"]
[SourceVersion "1"]
[SourceVersionDate "2017.10.13"]
[SourceQuality "1"]
[WhiteTeam "Borgerhout"]
[BlackTeam "Wirtzfeld"]
[WhiteTeamCountry "BEL"]
[BlackTeamCountry "BEL"]

1. c4 e5 2. g3 Nf6 3. Bg2 c6 4. d4 d6 5. Nc3 Be7 6. e4 0-0 7. Nge2 a6 8. a4 a5 9. 0-0 Na6 10. h3 Nd7 11. Be3 Nb4 12. Na2 Na6 13. Qc2 exd4 14. Nxd4 Ndc5 15. g4 Re8 16. Rad1 Bf8 17. Bf4 Qb6 18. Rfe1 Be6 19. Re3 Rad8 20. Bg3 Bc8 21. Kh1 g6 22. Bh4 Rd7 23. Bf6 Be7 24. e5 dxe5 25. Bxe5 Bf8 26. Rde1 Rxe5 27. Rxe5 Rxd4 28. Nc3 Nd3 0-1

[Event "BEL-chT 1516"]
[Site "Belgium"]
[Date "2016.01.31"]
[Round "6.3"]
[White "Wunnink, Michael"]
[Black "Offringa, Joost"]
[Result "1/2-1/2"]
[WhiteElo "2253"]
[BlackElo "2224"]
[PlyCount "54"]
[EventDate "2015.09.27"]
[EventType "team-tourn"]
[EventRounds "11"]
[EventCountry "BEL"]
[SourceTitle "CBM 170 Extra"]
[Source "ChessBase"]
[SourceDate "2016.02.25"]
[SourceVersion "1"]
[SourceVersionDate "2016.02.25"]
[SourceQuality "1"]
[WhiteTeam "Jean Jaures"]
[BlackTeam "Borgerhout"]
[WhiteTeamCountry "BEL"]
[BlackTeamCountry "BEL"]

1. d4 f5 2. g3 Nf6 3. Bg2 g6 4. c4 Bg7 5. Nc3 0-0 6. Nf3 d6 7. 0-0 c6 8. Rb1 a5 9. Qb3 h6 10. Rd1 Qc7 11. c5+ Kh7 12. cxd6 exd6 13. d5 Nbd7 14. Bf4 Nc5 15. Qc4 cxd5 16. Nxd5 Nxd5 17. Qxd5 Be6 18. Qxd6 Qxd6 19. Bxd6 Rfc8 20. Rbc1 Na4 21. Be5 Bxe5 22. Nxe5 Nxb2 23. Rxc8 Rxc8 24. Rb1 Rc2 25. Bxb7 Bxa2 26. Ra1 Nc4 27. Nxc4 Bxc4 1/2-1/2

[Event "BEL-chT 1516"]
[Site "Belgium"]
[Date "2015.11.29"]
[Round "5.4"]
[White "Offringa, Joost"]
[Black "Maenhout, Thibaut"]
[Result "1/2-1/2"]
[WhiteElo "2224"]
[BlackElo "2372"]
[PlyCount "92"]
[EventDate "2015.09.27"]
[EventType "team-tourn"]
[EventRounds "11"]
[EventCountry "BEL"]
[SourceTitle "CBM 169 Extra"]
[Source "ChessBase"]
[SourceDate "2015.12.18"]
[SourceVersion "1"]
[SourceVersionDate "2015.12.18"]
[SourceQuality "1"]
[WhiteTeam "Borgerhout"]
[BlackTeam "KBSK Brugge"]
[WhiteTeamCountry "BEL"]
[BlackTeamCountry "BEL"]

1. c4 c5 2. Nf3 Nc6 3. Nc3 Nd4 4. e3 Nxf3+ 5. Qxf3 g6 6. b3 Bg7 7. Bb2 d6 8. Be2 Nh6 9. h4 0-0 10. h5 g5 11. Qg3 e5 12. 0-0-0 f5 13. f4 exf4 14. exf4 g4 15. Nb5 a6 16. Bxg7 Kxg7 17. Nc3 Qf6 18. d4 Be6 19. Qf2 Rac8 20. Kc2 Nf7 21. g3 Rc7 22. dxc5 Rxc5 23. Qd4 Qxd4 24. Rxd4 Rfc8 25. Na4 R5c6 26. Kb1 Re8 27. Bf1 Bd7 28. c5 Re1+ 29. Kb2 Be8 30. Rd5 Rc8 31. Rxf5 dxc5 32. Nc3 Rd8 33. Kc2 b5 34. Bg2 Re3 35. Bb7 Rxg3 36. Rxc5 b4 37. Nd5 Bb5 38. Rc7 Bd3+ 39. Kc1 Be4 40. h6+ Kf8 41. Nf6 Bxh1 42. Nxh7+ Kg8 43. Nf6+ Kh8 44. Rxf7 Rc3+ 45. Kb2 Rd2+ 46. Kb1 Rd1+ 1/2-1/2

[Event "BEL-chT 1516"]
[Site "Belgium"]
[Date "2015.11.08"]
[Round "3.4"]
[White "Offringa, Joost"]
[Black "Coenen, Michael"]
[Result "1-0"]
[WhiteElo "2224"]
[BlackElo "2435"]
[PlyCount "143"]
[EventDate "2015.09.27"]
[EventType "team-tourn"]
[EventRounds "11"]
[EventCountry "BEL"]
[SourceTitle "EXT 2017"]
[Source "ChessBase"]
[SourceDate "2016.10.25"]
[SourceVersion "1"]
[SourceVersionDate "2016.10.25"]
[SourceQuality "1"]
[WhiteTeam "Borgerhout"]
[BlackTeam "KSK Rochade"]
[WhiteTeamCountry "BEL"]
[BlackTeamCountry "BEL"]

1. c4 g6 2. g3 Bg7 3. Bg2 e5 4. Nc3 Nf6 5. e4 d6 6. Nge2 Nc6 7. 0-0 0-0 8. d3 Nd7 9. Be3 Nc5 10. Rb1 a5 11. a3 Nd4 12. b4 axb4 13. axb4 Nce6 14. Bxd4 Nxd4 15. Nxd4 exd4 16. Ne2 Bg4 17. h3 Bxe2 18. Qxe2 Qe7 19. Qb2 Ra4 20. Ra1 Rfa8 21. Rxa4 Rxa4 22. Ra1 Qe8 23. b5 Qa8 24. Rxa4 Qxa4 25. Qe2 c6 26. bxc6 bxc6 27. Qb2 Qa5 28. Bf3 h5 29. h4 Be5 30. Kg2 Kg7 31. Qe2 Bf6 32. Qd1 Kh6 33. Qe2 Be5 34. Qd1 Kg7 35. Qb1 Qc3 36. Be2 Qd2 37. Qd1 Qb2 38. Kf1 Bf6 39. Qa4 Qc1+ 40. Qd1 Qa3 41. Qb1 Be5 42. Kg2 Qa5 43. Kf1 Bf6 44. Kg2 Qd2 45. Qd1 Qa2 46. Bf3 Qa5 47. Be2 Kf8 48. Bf3 c5 49. Kf1 Qa2 50. Qe2 Qa3 51. Qc2 Bd8 52. Qb1 Kg7 53. Be2 Bf6 54. Kg2 Qc3 55. Bd1 Be5 56. Be2 Kh6 57. Qd1 Qb2 58. Bf3 Bf6 59. Qe2 Qc3 60. Qd1 Kg7 61. Qb1 Qd2 62. Qd1 Qb4 63. Qc2 Bd8 64. Be2 Ba5 65. Bf3 Qa3 66. Qe2 Kf6 67. e5+ Ke7 68. Bd5 dxe5 69. Qxe5+ Kd7 70. Qe4 f5 71. Qe6+ Kd8 72. Bc6 1-0

[Event "BEL-chT 1516"]
[Site "Belgium"]
[Date "2015.09.27"]
[Round "1.3"]
[White "Swinkels, Robin"]
[Black "Offringa, Joost"]
[Result "1-0"]
[WhiteElo "2482"]
[BlackElo "2224"]
[PlyCount "67"]
[EventDate "2015.09.27"]
[EventType "team-tourn"]
[EventRounds "11"]
[EventCountry "BEL"]
[SourceTitle "CBM 168 Extra"]
[Source "ChessBase"]
[SourceDate "2015.10.29"]
[SourceVersion "1"]
[SourceVersionDate "2015.10.29"]
[SourceQuality "1"]
[WhiteTeam "Eynatten"]
[BlackTeam "Borgerhout"]
[WhiteTeamCountry "BEL"]
[BlackTeamCountry "BEL"]

1. d4 f5 2. Bg5 h6 3. Bh4 g5 4. e4 Bg7 5. Bg3 fxe4 6. h4 d5 7. hxg5 Nc6 8. Bb5 e6 9. Bxc6+ bxc6 10. Qh5+ Kf8 11. Be5 Bxe5 12. dxe5 Kg7 13. Rh4 Bd7 14. Nh3 Be8 15. Qg4 h5 16. Qg3 Ne7 17. Nf4 Qd7 18. Qh2 Nf5 19. Rh3 Rb8 20. Nd2 Rxb2 21. 0-0-0 Rxa2 22. Kb1 Ra4 23. Nb3 e3 24. fxe3 c5 25. g4 Nxe3 26. Rxe3 hxg4 27. Qg3 c4 28. Nd4 Bf7 29. Ra3 Rb4+ 30. Ka1 c5 31. g6 Bg8 32. Qxg4 cxd4 33. Qg5 Rh6 34. Qf6# 1-0

[Event "Groningen op 52nd"]
[Site "Groningen"]
[Date "2014.12.27"]
[Round "6"]
[White "Offringa, Joost"]
[Black "Gutkind, Kedem"]
[Result "1-0"]
[WhiteElo "2226"]
[BlackElo "2064"]
[PlyCount "65"]
[EventDate "2014.12.21"]
[EventType "swiss"]
[EventRounds "9"]
[EventCountry "NED"]
[SourceTitle "CBM 164 Extra"]
[Source "ChessBase"]
[SourceDate "2015.03.02"]
[SourceVersion "1"]
[SourceVersionDate "2015.03.02"]
[SourceQuality "1"]

1. c4 Nf6 2. Nf3 g6 3. g3 Bg7 4. Bg2 0-0 5. 0-0 d6 6. Nc3 Nc6 7. Rb1 a5 8. a3 e5 9. d3 h6 10. b4 axb4 11. axb4 Be6 12. Qc2 Nd7 13. b5 Ne7 14. Nd2 Rb8 15. Ba3 f5 16. b6 Nxb6 17. c5 dxc5 18. Bxc5 Rf7 19. Nb5 Nbd5 20. e4 Nf6 21. Nc4 Ne8 22. Rfd1 Nc6 23. Na7 Nd4 24. Bxd4 exd4 25. Na5 Ra8 26. Nxb7 Qf6 27. e5 Qxe5 28. Re1 Qf6 29. Rxe6 Qxe6 30. Nc5 Qd6 31. Bxa8 c6 32. Qc4 Kf8 33. Nxc6 1-0

[Event "Groningen op 52nd"]
[Site "Groningen"]
[Date "2014.12.23"]
[Round "3"]
[White "Dobrov, Vladimir"]
[Black "Offringa, Joost"]
[Result "1-0"]
[WhiteElo "2495"]
[BlackElo "2226"]
[PlyCount "89"]
[EventDate "2014.12.21"]
[EventType "swiss"]
[EventRounds "9"]
[EventCountry "NED"]
[SourceTitle "CBM 164 Extra"]
[Source "ChessBase"]
[SourceDate "2015.03.02"]
[SourceVersion "1"]
[SourceVersionDate "2015.03.02"]
[SourceQuality "1"]

1. d4 f5 2. g3 g6 3. h4 Nf6 4. h5 gxh5 5. Rxh5 Nxh5 6. e4 Bg7 7. Qxh5+ Kf8 8. Bh6 e6 9. Nc3 Qf6 10. Be3 d6 11. 0-0-0 Bd7 12. exf5 Qxf5 13. Qh1 Nc6 14. Bd3 Qa5 15. Nh3 Nxd4 16. Nf4 Nf5 17. Bd2 Re8 18. g4 Ne7 19. Nh5 Bc6 20. Qh2 Ng6 21. Nxg7 Kxg7 22. Qh6+ Kf7 23. f4 Bf3 24. Rf1 Bxg4 25. f5 Bxf5 26. Rxf5+ exf5 27. Bc4+ d5 28. Bxd5+ Re6 29. Qh5 Qa6 30. Qxf5+ Ke7 31. Ne4 Rf8 32. Bg5+ Ref6 33. Bxb7 Qb6 34. Nxf6 Rxf6 35. Be4 Qg1+ 36. Kd2 Qh2+ 37. Kc3 Qg3+ 38. Kc4 Ne5+ 39. Kb5 a6+ 40. Ka5 Nd7 41. Bc6 Qe1+ 42. b4 Qe5+ 43. Qxe5+ Nxe5 44. Bxf6+ Kxf6 45. a4 1-0

[Event "Groningen op 52nd"]
[Site "Groningen"]
[Date "2014.12.21"]
[Round "1"]
[White "Offringa, Joost"]
[Black "Ma, Qun"]
[Result "0-1"]
[WhiteElo "2226"]
[BlackElo "2621"]
[PlyCount "60"]
[EventDate "2014.12.21"]
[EventType "swiss"]
[EventRounds "9"]
[EventCountry "NED"]
[SourceTitle "CBM 164 Extra"]
[Source "ChessBase"]
[SourceDate "2015.03.02"]
[SourceVersion "1"]
[SourceVersionDate "2015.03.02"]
[SourceQuality "1"]

1. c4 e5 2. g3 Nf6 3. Bg2 Nc6 4. Nc3 Bb4 5. Nd5 Bc5 6. Nf3 0-0 7. 0-0 Re8 8. d3 h6 9. e3 d6 10. d4 exd4 11. exd4 Bb6 12. Nxb6 axb6 13. d5 Ne5 14. Nxe5 dxe5 15. h3 Bf5 16. f4 Be4 17. fxe5 Bxg2 18. Kxg2 Rxe5 19. Bf4 Re4 20. Qd3 Qe7 21. Rf2 b5 22. cxb5 Rd8 23. d6 cxd6 24. a4 d5 25. a5 d4 26. b6 Nd5 27. Bc7 Re8 28. Rc1 Qg5 29. Qd2 Re3 30. Qxd4 Nxc7 0-1

[Event "Dieren op"]
[Site "Dieren"]
[Date "2014.07.30"]
[Round "8"]
[White "Buckels, Valentin"]
[Black "Offringa, Joost"]
[Result "1/2-1/2"]
[WhiteElo "2100"]
[BlackElo "2241"]
[PlyCount "70"]
[EventDate "2014.07.22"]
[EventType "swiss"]
[EventRounds "9"]
[EventCountry "NED"]
[SourceTitle "CBM 161 Extra"]
[Source "ChessBase"]
[SourceDate "2014.08.29"]
[SourceVersion "1"]
[SourceVersionDate "2014.08.29"]
[SourceQuality "1"]

1. d4 f5 2. Bg5 h6 3. Bh4 g5 4. e3 Nf6 5. Bg3 d6 6. h4 Rg8 7. Nc3 e6 8. hxg5 hxg5 9. Qd2 Bd7 10. 0-0-0 Qe7 11. Bc4 Bg7 12. f3 Nc6 13. a3 0-0-0 14. Nge2 Rh8 15. e4 fxe4 16. fxe4 Nh5 17. Bf2 Rdf8 18. Be3 Nf4 19. g3 Nh3 20. Rh2 g4 21. Rg2 Rf3 22. Kb1 Qf8 23. Nc1 e5 24. d5 Nd4 25. N3e2 Nf2 26. Nxd4 Nxd1 27. Nxf3 Qxf3 28. Bxa7 Rh1 29. Rg1 Bh6 30. Qe2 Rxg1 31. Bxg1 Ne3 32. Bd3 Qxg3 33. Bf2 Qf4 34. Qe1 Ng2 35. Qh1 Qxc1+ 1/2-1/2

[Event "Dieren op"]
[Site "Dieren"]
[Date "2014.07.25"]
[Round "4"]
[White "Go, Benjamin"]
[Black "Offringa, Joost"]
[Result "1/2-1/2"]
[WhiteElo "2133"]
[BlackElo "2241"]
[PlyCount "95"]
[EventDate "2014.07.22"]
[EventType "swiss"]
[EventRounds "9"]
[EventCountry "NED"]
[SourceTitle "CBM 161 Extra"]
[Source "ChessBase"]
[SourceDate "2014.08.29"]
[SourceVersion "1"]
[SourceVersionDate "2014.08.29"]
[SourceQuality "1"]

1. e4 d6 2. d4 Nf6 3. Nc3 g6 4. Be3 a6 5. Be2 Bg7 6. a4 0-0 7. Nf3 b6 8. 0-0 Bb7 9. Nd2 Nbd7 10. f4 e5 11. fxe5 dxe5 12. d5 Ne8 13. Nc4 Nd6 14. Qd3 h6 15. Bg4 Nxc4 16. Qxc4 Nf6 17. Bf3 Ne8 18. g4 Nd6 19. Qd3 Qe7 20. Bg2 Rae8 21. Rae1 Kh7 22. b3 Bc8 23. h3 Bf6 24. Qd2 Bg5 25. Bxg5 hxg5 26. Qd3 Kg7 27. Qg3 f5 28. gxf5 gxf5 29. h4 f4 30. Qxg5+ Qxg5 31. hxg5 Rh8 32. Bf3 Rh3 33. Kg2 Reh8 34. Rh1 Rg3+ 35. Kf2 Rxh1 36. Rxh1 Rxg5 37. Rh5 Rxh5 38. Bxh5 Kf6 39. Bf3 Ke7 40. Be2 Ne8 41. Bd3 Nf6 42. Nd1 Kd6 43. c3 c6 44. dxc6 Kxc6 45. Nb2 Be6 46. b4 Bf7 47. Kf3 Bh5+ 48. Kf2 1/2-1/2

[Event "Amsterdam Science Park op-A"]
[Site "Amsterdam"]
[Date "2014.07.13"]
[Round "9"]
[White "Offringa, Joost"]
[Black "Roos, David"]
[Result "1/2-1/2"]
[WhiteElo "2241"]
[BlackElo "2097"]
[PlyCount "29"]
[EventDate "2014.07.05"]
[EventType "swiss"]
[EventRounds "9"]
[EventCountry "NED"]
[SourceTitle "CBM 161 Extra"]
[Source "ChessBase"]
[SourceDate "2014.08.29"]
[SourceVersion "1"]
[SourceVersionDate "2014.08.29"]
[SourceQuality "1"]

1. e4 e5 2. f4 d5 3. exd5 exf4 4. Nf3 Bd6 5. Bb5+ c6 6. dxc6 Nxc6 7. d4 Nf6 8. 0-0 0-0 9. c3 Ng4 10. Na3 Bc7 11. h3 Ne3 12. Bxe3 fxe3 13. Re1 Ne7 14. Bd3 Bg3 15. Rxe3 1/2-1/2

[Event "Maastricht Limburg op-A 8th"]
[Site "Maastricht"]
[Date "2014.06.09"]
[Round "6"]
[White "Clemens, Adrian HP"]
[Black "Offringa, Joost"]
[Result "1/2-1/2"]
[WhiteElo "2188"]
[BlackElo "2253"]
[PlyCount "80"]
[EventDate "2014.06.06"]
[EventType "swiss"]
[EventRounds "7"]
[EventCountry "NED"]
[SourceTitle "CBM 160 Extra"]
[Source "ChessBase"]
[SourceDate "2014.07.01"]
[SourceVersion "1"]
[SourceVersionDate "2014.07.01"]
[SourceQuality "1"]

1. d4 f5 2. g3 Nf6 3. Bg2 g6 4. Nf3 Bg7 5. 0-0 0-0 6. b3 d6 7. Bb2 c6 8. Nbd2 a5 9. a3 Qc7 10. c4 Bd7 11. Qc2 Na6 12. Rfe1 Rae8 13. c5 dxc5 14. dxc5 e5 15. e4 Kh8 16. Rac1 fxe4 17. Ng5 Bf5 18. Ngxe4 Rd8 19. Qc4 Nxe4 20. Nxe4 Bxe4 21. Rxe4 Rd5 22. b4 axb4 23. axb4 Rd2 24. Bc3 Rdxf2 25. Rce1 Rc2 26. Qd3 Rff2 27. Bf1 Qc8 28. Rxe5 Rxc3 29. Re8+ Rf8 30. Rxc8 Rxd3 31. Rxf8+ Bxf8 32. Bxd3 Nxb4 33. Re8 Nxd3 34. Rxf8+ Kg7 35. Rc8 Nxc5 36. Rc7+ Kh6 37. Kf2 g5 38. g4 Kg6 39. Ke3 h5 40. h3 hxg4 1/2-1/2

[Event "Maastricht Limburg op-A 8th"]
[Site "Maastricht"]
[Date "2014.06.07"]
[Round "3"]
[White "Offringa, Joost"]
[Black "Skutta, Bernd"]
[Result "1/2-1/2"]
[WhiteElo "2253"]
[BlackElo "2037"]
[PlyCount "37"]
[EventDate "2014.06.06"]
[EventType "swiss"]
[EventRounds "7"]
[EventCountry "NED"]
[SourceTitle "CBM 160 Extra"]
[Source "ChessBase"]
[SourceDate "2014.07.01"]
[SourceVersion "1"]
[SourceVersionDate "2014.07.01"]
[SourceQuality "1"]

1. c4 e5 2. g3 Nf6 3. Bg2 Nc6 4. Nc3 Bc5 5. Nf3 d6 6. 0-0 0-0 7. d3 h6 8. a3 a5 9. b3 Nd4 10. e3 Nxf3+ 11. Bxf3 c6 12. d4 Bb6 13. Bb2 Bh3 14. Re1 Qe7 15. Qc2 Rfe8 16. dxe5 dxe5 17. Ne4 Nxe4 18. Bxe4 Qg5 19. c5 1/2-1/2

[Event "Groningen op-A 51st"]
[Site "Groningen"]
[Date "2013.12.24"]
[Round "4"]
[White "Senders, Mischa"]
[Black "Offringa, Joost"]
[Result "0-1"]
[WhiteElo "2058"]
[BlackElo "2178"]
[PlyCount "88"]
[EventDate "2013.12.21"]
[EventType "swiss"]
[EventRounds "9"]
[EventCountry "NED"]
[SourceTitle "CBM 158 Extra"]
[Source "ChessBase"]
[SourceDate "2014.02.28"]
[SourceVersion "1"]
[SourceVersionDate "2014.02.28"]
[SourceQuality "1"]

1. e4 d6 2. d4 Nf6 3. Nc3 g6 4. Bg5 Bg7 5. f4 0-0 6. Nf3 d5 7. Bxf6 exf6 8. exd5 Nd7 9. Qd2 Re8+ 10. Be2 Nb6 11. 0-0-0 Nxd5 12. Nxd5 Qxd5 13. Kb1 Bf5 14. Bd3 Bg4 15. Be2 Bh6 16. h3 Be6 17. b3 Qe4 18. g3 Bxb3 19. axb3 Qxe2 20. Qxe2 Rxe2 21. Rhe1 Rae8 22. Rxe2 Rxe2 23. Rd3 Rg2 24. Nd2 Bf8 25. Ne4 Kg7 26. d5 Bb4 27. c4 Be1 28. c5 f5 29. d6 cxd6 30. Nxd6 Rxg3 31. Kc2 Rxd3 32. Kxd3 Ba5 33. Kd4 Bd2 34. Nxb7 Bxf4 35. Kd5 Bc7 36. Kc6 f4 37. Nd6 f3 38. Ne4 Bf4 39. b4 f5 40. Nf2 Be3 41. Nd1 f4 42. Kb7 f2 43. Nxf2 Bxf2 44. Kxa7 f3 0-1

[Event "Amsterdam Science Park op-A 3rd"]
[Site "Amsterdam"]
[Date "2013.07.10"]
[Round "5"]
[White "Van Engen, Herman J"]
[Black "Offringa, Joost"]
[Result "0-1"]
[WhiteElo "2062"]
[BlackElo "2145"]
[PlyCount "58"]
[EventDate "2013.07.06"]
[EventType "swiss"]
[EventRounds "9"]
[EventCountry "NED"]
[SourceTitle "CBM 155 Extra"]
[Source "ChessBase"]
[SourceDate "2013.08.26"]
[SourceVersion "1"]
[SourceVersionDate "2013.08.26"]
[SourceQuality "1"]

1. d4 f5 2. c4 Nf6 3. Nc3 d6 4. Bg5 Nbd7 5. Qc2 g6 6. Nf3 Bg7 7. g3 c5 8. d5 Nb6 9. Bg2 0-0 10. Nd2 h6 11. Bxf6 Bxf6 12. g4 Bxc3 13. bxc3 e5 14. dxe6 Bxe6 15. 0-0-0 Qf6 16. h3 Kh8 17. e4 f4 18. e5 dxe5 19. Ne4 Qe7 20. Bf3 Nxc4 21. h4 Rad8 22. g5 h5 23. Nf6 Bf5 24. Qe2 Nb6 25. Bxh5 c4 26. Bf3 Na4 27. Rxd8 Qa3+ 28. Kd1 Rxd8+ 29. Ke1 Qc1+ 0-1

[Event "Amsterdam Science Park op-A 3rd"]
[Site "Amsterdam"]
[Date "2013.07.09"]
[Round "4"]
[White "Offringa, Joost"]
[Black "Senders, Mischa"]
[Result "1/2-1/2"]
[WhiteElo "2145"]
[BlackElo "2058"]
[PlyCount "79"]
[EventDate "2013.07.06"]
[EventType "swiss"]
[EventRounds "9"]
[EventCountry "NED"]
[SourceTitle "CBM 155 Extra"]
[Source "ChessBase"]
[SourceDate "2013.08.26"]
[SourceVersion "1"]
[SourceVersionDate "2013.08.26"]
[SourceQuality "1"]

1. e4 c5 2. Nf3 d6 3. Bb5+ Bd7 4. Bxd7+ Qxd7 5. 0-0 Nc6 6. Qe2 Nf6 7. Rd1 g6 8. c3 Bg7 9. d4 cxd4 10. cxd4 d5 11. e5 Ne4 12. Ne1 f6 13. f3 Ng5 14. Bxg5 fxg5 15. Nc2 0-0 16. Nc3 e6 17. a4 Rfc8 18. Qd2 Qd8 19. b4 Bf8 20. Rdc1 b6 21. Ne2 a5 22. b5 Ne7 23. Ne3 Nf5 24. Ng4 Bb4 25. Qd3 Rc4 26. Nf6+ Kg7 27. Kh1 Rac8 28. g4 Nh4 29. f4 h6 30. Qe3 Rc2 31. Rf1 Bd2 32. Qg3 Bc3 33. Rac1 Rxe2 34. Rxc3 Rc2 35. Rxc2 Rxc2 36. fxg5 hxg5 37. Qe3 Kh6 38. Qa3 Qc8 39. Qe7 Rxh2+ 40. Kg1 1/2-1/2